000
00338nam a2200145Ia 4500
008
230718s9999 xx 000 0 und d
041
_a
Eng.
082
_a
345.4
_b
MAL-P
100
_a
Malik, Bakhtair Amna
245
0
_a
Pakistan Penal code
260
_a
Pakistan
_b
Punjab law book
_c
2013
300
_a
244
650
_a
Law
999
_c
30490
_d
30490